书目信息 |
| 题名: |
教孩子学围棋
|
|
| 作者: | 邱鑫 , 陆永和 编著 | |
| 分册: | ||
| 出版信息: | 北京 人民体育出版社 |
|
| 页数: | 220页 | |
| 开本: | 32开 | |
| 丛书名: | ||
| 单 册: | ||
| 中图分类: | G891.3 | |
| 科图分类: | ||
| 主题词: | 文娱性体育活动 | |
| 电子资源: | ||
| ISBN: | 7-5009-0471-1 | |
| 000 | 00581nam0 2200205 45 | |
| 001 | 0006121004 | |
| 005 | 20000612103557.4 | |
| 010 | @a7-5009-0471-1@d7.00元 | |
| 100 | @a20000612d km y0chiy0120 ea | |
| 101 | 0 | @achi |
| 105 | @a z 000yy | |
| 200 | 1 | @a教孩子学围棋@AJiao Hai Zi Xue Wei Qi@f邱鑫,陆永和编著@FQiu Xin,Lu Yong He Bian Zhu |
| 210 | @a北京@c人民体育出版社 | |
| 215 | @a220页@d32开 | |
| 606 | 0 | @a文娱性体育活动 |
| 690 | @aG891.3@v3 | |
| 701 | 0 | @a邱鑫@4编著 |
| 701 | 0 | @a陆永和@4编著 |
| 801 | @aCN@bPftUser@c20000612 | |
| 905 | @b204054-056@dG891.3@eY.490@f3 | |
| 教孩子学围棋/邱鑫,陆永和编著.-北京:人民体育出版社 |
| 220页;32开 |
| ISBN 7-5009-0471-1:7.00元 |
| ● |
| 相关链接 |
|
|
|
正题名:教孩子学围棋
索取号:G891.3/Y.490
 
预约/预借
| 序号 | 登录号 | 条形码 | 馆藏地/架位号 | 状态 | 备注 |
| 1 | 204054 | 202040549 | 社科库409/409社科库 28排3列5层/ [索取号:G891.3/Y.490] | 在馆 | |
| 2 | 204055 | 202040558 | 社科库409/409社科库 28排3列5层/ [索取号:G891.3/Y.490] | 在馆 | |
| 3 | 204056 | 202040567 | 社科库409/409社科库 28排3列5层/ [索取号:G891.3/Y.490] | 在馆 |